[Event "Stuttgart op 6th"]
[Site "Ditzingen"]
[Date "2001.05.26"]
[Round "6"]
[White "Hofrichter, Jens"]
[Black "Ortmann, David"]
[Result "0-1"]
[WhiteElo "2113"]
[BlackElo "2227"]
[PlyCount "40"]
[EventDate "2001.05.24"]
[EventType "swiss"]
[EventRounds "7"]
[EventCountry "GER"]
[SourceTitle "CBM 082 Extra"]
[Source "ChessBase"]
[SourceDate "2001.07.03"]
[SourceVersion "1"]
[SourceVersionDate "2001.07.03"]
[SourceQuality "1"]

1. e4 c5 2. Nf3 e6 3. d4 cxd4 4. Nxd4 a6 5. Nc3 Qc7 6. g3 b5 7. a3 Bb7 8. Bg2 Nf6 9. 0-0 d6 10. Nde2 Be7 11. h3 0-0 12. g4 Nc6 13. Ng3 Rac8 14. f4 Nd7 15. g5 Rfe8 16. Be3 Bf8 17. Qg4 Nb6 18. Rae1 Nc4 19. Nd1 b4 20. f5 N6e5 0-1

[Event "Stuttgart op 6th"]
[Site "Ditzingen"]
[Date "2001.05.25"]
[Round "4"]
[White "Hofrichter, Jens"]
[Black "Huettig, Michael"]
[Result "0-1"]
[WhiteElo "2113"]
[BlackElo "2197"]
[PlyCount "128"]
[EventDate "2001.05.24"]
[EventType "swiss"]
[EventRounds "7"]
[EventCountry "GER"]
[SourceTitle "CBM 082 Extra"]
[Source "ChessBase"]
[SourceDate "2001.07.03"]
[SourceVersion "1"]
[SourceVersionDate "2001.07.03"]
[SourceQuality "1"]

1. e4 e5 2. Nf3 Nc6 3. Bb5 a6 4. Ba4 Nf6 5. 0-0 Be7 6. Re1 b5 7. Bb3 0-0 8. h3 Bb7 9. d3 d6 10. c3 h6 11. Nbd2 Re8 12. Nf1 Bf8 13. Ng3 g6 14. d4 Na5 15. Bc2 Nc4 16. b3 Nb6 17. Bb2 c5 18. Qd2 Qc7 19. Rad1 c4 20. Ba3 Rad8 21. Bb1 a5 22. Qc1 Bg7 23. dxe5 dxe5 24. Qe3 cxb3 25. axb3 a4 26. Bc5 Nfd7 27. Bd6 Qc6 28. Ba2 axb3 29. Bxb3 Nc4 30. Bxc4 Qxc4 31. Nd2 Qe6 32. Bb4 Nb8 33. Qe2 Qb6 34. Nb3 Rxd1 35. Rxd1 Bc6 36. Bc5 Qc7 37. Ra1 Bd7 38. Qe3 Nc6 39. Rd1 Be6 40. Bd6 Qd8 41. Nc5 Bc4 42. Nb7 Qc8 43. Qb6 Nd8 44. Na5 Ne6 45. Bb4 Nf4 46. Nc6 Kh7 47. Na7 Qb8 48. Qxb8 Rxb8 49. Nc6 Ra8 50. Bd6 Nd3 51. Nb4 Nb2 52. Rc1 Rd8 53. Bc5 Be6 54. Nf1 f5 55. exf5 gxf5 56. Be3 Rc8 57. Bd2 e4 58. Ne3 Na4 59. Nd1 Nc5 60. Be1 Bf6 61. Ne3 Bg5 62. Rc2 Na4 63. Nbd5 f4 64. h4 fxe3 0-1

[Event "Baden-ch"]
[Site "Leimen"]
[Date "2001.04.17"]
[Round "5"]
[White "Kettner, Juergen"]
[Black "Hofrichter, Jens"]
[Result "1/2-1/2"]
[WhiteElo "2215"]
[BlackElo "2113"]
[PlyCount "42"]
[EventDate "2001.04.13"]
[EventType "swiss"]
[EventRounds "9"]
[EventCountry "GER"]
[SourceTitle "CBM 082 Extra"]
[Source "ChessBase"]
[SourceDate "2001.07.03"]
[SourceVersion "1"]
[SourceVersionDate "2001.07.03"]
[SourceQuality "1"]

1. e4 c5 2. Nf3 Nf6 3. Bb5 g6 4. 0-0 Bg7 5. Re1 Nc6 6. e5 Nd5 7. Nc3 Nc7 8. Bxc6 dxc6 9. Ne4 Ne6 10. a4 0-0 11. d3 Qc7 12. Ng3 b6 13. h4 Rd8 14. Re4 Nd4 15. Bf4 Nxf3+ 16. Qxf3 Be6 17. Qe2 Rd5 18. Re1 Rad8 19. b3 b5 20. h5 R8d7 21. Bd2 Rd4 1/2-1/2

[Event "Baden-ch"]
[Site "Leimen"]
[Date "2001.04.13"]
[Round "1"]
[White "Striebich, Rudolf"]
[Black "Hofrichter, Jens"]
[Result "0-1"]
[WhiteElo "2230"]
[BlackElo "2113"]
[PlyCount "110"]
[EventDate "2001.04.13"]
[EventType "swiss"]
[EventRounds "9"]
[EventCountry "GER"]
[SourceTitle "CBM 082 Extra"]
[Source "ChessBase"]
[SourceDate "2001.07.03"]
[SourceVersion "1"]
[SourceVersionDate "2001.07.03"]
[SourceQuality "1"]

1. e4 c5 2. Nf3 Nc6 3. d4 cxd4 4. Nxd4 Nf6 5. Nc3 d6 6. Bg5 e6 7. Bb5 Bd7 8. 0-0 Be7 9. Kh1 0-0 10. f4 h6 11. Bh4 Nxe4 12. Bxe7 Nxc3 13. Bxd8 Nxd1 14. Bxc6 Bxc6 15. Nxc6 bxc6 16. Be7 Rfe8 17. Raxd1 Rxe7 18. Rxd6 Rc7 19. g3 Rb8 20. b3 c5 21. c4 Kf8 22. Rfd1 Ke7 23. Kg2 Rb4 24. Ra6 Rb8 25. Kf3 Rb6 26. Rxb6 axb6 27. Ke4 Ra7 28. Rd2 f6 29. g4 g5 30. f5 e5 31. Rd3 Rxa2 32. Rh3 Rd2 33. Rxh6 Rd4+ 34. Ke3 Rxg4 35. Rh7+ Kf8 36. Rb7 Rf4 37. Rxb6 Rxf5 38. Rb5 Rf1 39. Rxc5 Rh1 40. b4 Rxh2 41. b5 Rb2 42. Kf3 Ke7 43. Kg4 e4 44. Kf5 e3 45. Rc7+ Kd8 46. Ra7 Rf2+ 47. Ke6 Rf4 48. b6 Kc8 49. Ra1 Kb7 50. c5 Kc6 51. Rb1 e2 52. Re1 f5 53. Ke5 Rf2 54. Kd4 f4 55. Kd3 f3 0-1

[Event "Oberliga Baden 0001"]
[Site "Baden"]
[Date "2001.01.07"]
[Round "4.5"]
[White "Hofrichter, Jens"]
[Black "Schwarz, Michael"]
[Result "1/2-1/2"]
[WhiteElo "2113"]
[BlackElo "2367"]
[PlyCount "89"]
[EventDate "2000.10.15"]
[EventType "team"]
[EventRounds "9"]
[EventCountry "GER"]
[SourceTitle "EXT 2002"]
[Source "ChessBase"]
[SourceDate "2001.11.25"]
[SourceVersion "1"]
[SourceVersionDate "2001.11.25"]
[SourceQuality "1"]

1. e4 c6 2. d4 d5 3. exd5 cxd5 4. Bd3 Nc6 5. c3 g6 6. Bf4 Nh6 7. Nf3 Bg7 8. 0-0 0-0 9. Re1 f6 10. c4 Nf7 11. cxd5 Qxd5 12. Nc3 Qd8 13. d5 Nce5 14. Nd4 Qb6 15. Be3 Qxb2 16. Ncb5 Nxd3 17. Qxd3 Ne5 18. Qf1 Ng4 19. Reb1 Nxe3 20. Qd3 Qxa1 21. Rxa1 Nxd5 22. Qb3 e6 23. Re1 Kh8 24. Nd6 Nf4 25. g3 f5 26. Nf3 Nd5 27. Nxc8 Raxc8 28. Qxb7 Rc7 29. Qa6 Re7 30. Qd6 Rfe8 31. Ne5 Bxe5 32. Qxe5+ Kg8 33. h4 h5 34. Rc1 Kf7 35. Kg2 Rd7 36. Rc4 Nf6 37. Rc7 Rxc7 38. Qxc7+ Re7 39. Qc2 Rd7 40. a4 e5 41. Qc4+ Kg7 42. a5 e4 43. Qe6 Rc7 44. a6 Ng4 45. Qd6 1/2-1/2

[Event "Baden-ch U18"]
[Site "Baden"]
[Date "2001.01.03"]
[Round "3.1"]
[White "Hofrichter, Jens"]
[Black "Weisenburger, Thomas"]
[Result "1/2-1/2"]
[WhiteElo "2113"]
[BlackElo "2125"]
[PlyCount "82"]
[EventDate "2001.01.??"]
[EventType "swiss"]
[EventRounds "7"]
[EventCountry "GER"]
[SourceTitle "EXT 2003"]
[Source "ChessBase"]
[SourceDate "2002.11.25"]
[SourceVersion "1"]
[SourceVersionDate "2002.11.25"]
[SourceQuality "1"]

1. e4 d5 2. exd5 Qxd5 3. Nc3 Qa5 4. Nf3 Nf6 5. d4 c6 6. Bc4 Bf5 7. Bd2 e6 8. Qe2 Bb4 9. 0-0-0 Nbd7 10. a3 Bxc3 11. Bxc3 Qc7 12. Ne5 Nxe5 13. dxe5 Nd5 14. Bd2 0-0-0 15. g4 Bg6 16. f4 h5 17. h3 Qb6 18. Rhf1 hxg4 19. hxg4 Qc5 20. Bb3 Rh3 21. Rf3 Rdh8 22. Rdf1 Rh2 23. Qe1 Qd4 24. f5 exf5 25. gxf5 Bh5 26. Rd3 Qg4 27. Bxd5 Re2 28. Qg3 cxd5 29. Rh1 Qxg3 30. Rxg3 Rxe5 31. Rg5 g6 32. Bc3 Rhe8 33. Bxe5 Rxe5 34. Rf1 Kd7 35. Rg2 Rxf5 36. Rxf5 gxf5 37. Kd2 Ke6 38. Ke3 Ke5 39. c3 Bd1 40. Rf2 Ba4 41. Rf4 b5 1/2-1/2